Quizzes
Events
Quiz Creation
Community
Videos
Private Events
Remove Ads
Sign In
Join for FREE
Feedback
Dark Mode
Quiz Categories
Sports
Geography
Music
Movies
Television
Just For Fun
Miscellaneous
History
Literature
Language
Science
Gaming
Entertainment
Religion
Holiday
For Kids
Quiz Lab
Recent
Popular Today
Quiz Kudos Today
Editor Picks
Curator Picks
Quizzes by...
Day
Popularity
Type
Ratings
Length
Year
Community
Subscriptions
Recent Discussions
Orange Saloon
Badges
Playlists
Quests
Create
Leaderboards
Showdown
Live 5
Trivia Bingo
Activity
Puzzle Library
Sporcle Events
Private Events
Virtual Trivia
Globe League
Become a Host
Pub Owners
SporcleCon
Opinionation
Our Games
Videos
Blog
Mobile Apps
Partnerships
Remove Ads and Go Orange
Feedback
Music
Pop Music
The Beatles
Song
Album
Lyrics
Bands
Singers
Artist
Clip
Rock
Rap
Classical
Billboard
Country Music
Kpop
Taylor Swift
Music
Pop Music
The Beatles
Song
Album
Lyrics
Bands
Singers
Artist
Clip
Rock
Rap
Classical
Billboard
Country Music
Kpop
Taylor Swift
Random Quiz
Search Sporcle
×
Quiz Lab
Quiz Lab
Music
Twenty One Pilots
Type in answers that appear in a list
Type in answers that appear in a list
Classic
Best Score? Go Orange.
Twenty One Pilots Lyrics Stats
Can you name the Twenty One Pilots Lyrics?
By
linkthehyllian66
5m
15 Questions
600 Plays
600 Plays
600 Plays
Comments
Comments
Give Quiz Kudos
Give Quiz Kudos
-
- Ratings
hide this ad
More Info
Replay
Link that replays current quiz
Next Quiz
Link to next quiz in quiz playlist
You Got
0%
They Got
Avg Score
72%
Avg Friend Score
Upgrade to see
Score Distribution
Jump to the score distribution portion of the page
Score
0/15
Timer
05:00
0
Plays Today
Lyric
Missing word
% Correct
...like a _
_
_
_
_
inspires a rabbit.
Dog
98.7%
Sometimes, _
_
_
_
_
_
is violent.
Quiet
91.5%
Our brains are _
_
_
_
but that's okay!
Sick
85.7%
I'd _
_
_
_
_
for you and that's harder to do...
Live
80.3%
...hardest part of this is _
_
_
_
_
_
you.
Leaving
80.3%
...anyone else that someone else has your _
_
_
_
_
?
Name
79.8%
She's an _
_
_
_
_
_
_
falling down.
Angel
78.5%
...he likes when I _
_
_
_
fast.
Rap
74%
Lyric
Missing word
% Correct
...suicidal crazed _
_
_
_
_
...
Lions
71.3%
I haven't found a_
_
_
_
.
Drop
71.2%
We're _
_
_
_
_
_
with every step we take.
Dying
67.5%
...three me up front, all i saw were backs of _
_
_
_
_
.
Heads
66%
I'm trying to _
_
_
_
_
_
.
Sleep
64.8%
Remember the _
_
_
_
_
_
.
Moment
42.7%
Good _
_
_
_
_
_
now.
People
34.2%
Quiz Playlist
Details
Report
Send in Message
Add To Playlist
More Info:
Can you fill in the blanks for this Twenty one Pilots lyrics quiz?
Classic:
Type in answers that appear in a list
Last Updated: May 5, 2017
Quiz Scoreboard
CHALLENGE
Sign Up to Join the Scoreboard
Show All
Scores
Hide
Comments
May contain spoilers
Recently Published
Movies - When Are They Set?
by FPL_Elf
Movies
5m
Popular People in 1961
by mucciniale
History
6m
1-10 Letter E Words III
by El_Dandy
Language
2m
More to Explore
Quiz From the Vault
Featured Blog Post
Where Did the Easter Bunny Come From?
hide this ad
You Might Also Like...
Tags
Twenty One Pilots
Today's Top Quizzes in Music
Browse Music
hide this ad
Today's Top Quizzes in Twenty One Pilots
Browse Twenty One Pilots
Top Contributed Quizzes in Music
1
Taylor Swift All Songs (2024)
2
2010s Album by Cover III
3
One Thing in Common: Music
4
Taylor Swift Logic Puzzle
5
Guess the Artist- 70s Songs
6
2010s Album by Cover IV
7
Guess the Taylor Swift song (Mystery Song)
8
2010s Album by Cover V
9
Lana Del Rey Discography (BTD to DYKTTATUOB)
10
2010s Album by Cover VI
Explore More
Trending Topics
Harry Potter
Anime
Marvel
Disney
Crossword
NBA
Kpop
NFL
Soccer
Song
Pokémon
WWE
The Office
Country
Puzzle
hide this ad
More By:
linkthehyllian66
Quiz
Plays
Rating
Category
Featured
Created
Soul Eater Trivia
801
3.33
Television
May 10, 2017
Twenty One Pilots Lyrics
600
3.00
Music
May 5, 2017
Go to Creator's Profile
Score Distribution
Quiz Creator Spotlight
linkthehyllian66
Follow
Send a Message
Quizzes Created
-
Created Quiz Play Count
-
More By This Creator
Popular Quizzes Today
1
Find the US States - No Outlines Minefield
2
Find the Countries of Europe - No Outlines Minefield
3
The Countries of the World
4
Popular People in 1961
5
1-10 Letter E Words III
6
US States
7
Find the US States
8
One Thing in Common: World Cities II
More Music Quizzes
BTS Song by Suga's Part (Audio Quiz)
Quiz Lab
Trending Quizzes
Risky Map Clicking: Least Populous States A-Z
1-10 Letter F Words
Humor Books: The Subtitles
1-10 Letter G Words
One Thing in Common: United Kingdom
Recently Updated
Leaping Animals
pecheneg
Reality TV Shows (A-Z)
bhenderson79
Rickey Henderson's Hall of Fame Teammates
pecheneg
Champions League XIs: Arsenal
pecheneg
Quick Pick: Celebrities in WWE's Hall of Fame
aduchscher
A-Z Keypad Blitz II
pecheneg
Multiple Oscar Actors
pecheneg
Mystery Phrase Blitz: Oscar 'Best Actors'
pecheneg
F. Scott Fitzgerald Novels
LTH
Pick 3 Villains
ddd62291
Trending Topics
Marvel
Disney
Crossword
NBA
Kpop
Anime
Harry Potter
Soccer
Country
Song
WWE
Pokémon
Puzzle
The Office
NFL
Your Account Isn't Verified!
In order to create a playlist on Sporcle, you need to verify the email address you used during registration. Go to your
Sporcle Settings
to finish the process.
Report this User
Report this user for behavior that violates our
Community Guidelines
.
Details:
Send Report
Go to the Sporcle.com Mobile Site →
Comments